Enterprise planning for vanity fair corp ltd. (Record no. 219831)
[ view plain ]
| 000 -LEADER | |
|---|---|
| fixed length control field | 00305nam a2200109Ia 4500 |
| 008 - FIXED-LENGTH DATA ELEMENTS--GENERAL INFORMATION | |
| fixed length control field | 211028s2011 xx 000 0 und d |
| 041 ## - LANGUAGE CODE | |
| Language code of text/sound track or separate title | eng |
| 100 ## - MAIN ENTRY--PERSONAL NAME | |
| Personal name | Vikhyath, P; Aravind. |
| Miscellaneous information | 91937 |
| 9 (RLIN) | 8324 |
| 110 ## - MAIN ENTRY--CORPORATE NAME | |
| Corporate name or jurisdiction name as entry element | Aravind |
| 9 (RLIN) | 8325 |
| 245 ## - TITLE STATEMENT | |
| Title | Enterprise planning for vanity fair corp ltd. |
| 260 ## - PUBLICATION, DISTRIBUTION, ETC. | |
| Place of publication, distribution, etc. | Mangalore |
| Date of publication, distribution, etc. | 2011 |
| Withdrawn status | Lost status | Source of classification or shelving scheme | Damaged status | Not for loan | Collection code | Home library | Current library | Date acquired | Source of acquisition | Total Checkouts | Barcode | Date last seen | Price effective from | Koha item type |
|---|---|---|---|---|---|---|---|---|---|---|---|---|---|---|
| Dewey Decimal Classification | Not for loan | Project Report Soft.Technology | St Aloysius Institute of Management & Information Technology | St Aloysius Institute of Management & Information Technology | 10/28/2021 | MCA | PST00062 | 10/28/2021 | 10/28/2021 | Project Report |